Twentieth Century Engineering / (Record no. 11892)
[ view plain ]
| 000 -LEADER | |
|---|---|
| campo de control de longitud fija | 00374nam a2200145Ia 4500 |
| 005 - FECHA Y HORA DE LA ÚLTIMA TRANSACCIÓN | |
| campo de control | 20260328104336.0 |
| 008 - DATOS DE LONGITUD FIJA--INFORMACIÓN GENERAL | |
| campo de control de longitud fija | 260328s9999||||xx |||||||||||||| ||und|| |
| 100 ## - ENTRADA PRINCIPAL--NOMBRE DE PERSONA | |
| Nombre de persona | Rockefeller, David |
| 245 #0 - MENCIÓN DEL TÍTULO | |
| Título | Twentieth Century Engineering / |
| Mención de responsabilidad, etc. | David Rockefeller |
| 250 ## - MENCION DE EDICION | |
| Mención de edición | 1a ed. |
| 260 ## - PUBLICACIÓN, DISTRIBUCIÓN, ETC. | |
| Nombre del editor, distribuidor, etc. | The Museum of Modern Art |
| 300 ## - DESCRIPCIÓN FÍSICA | |
| Extensión | 139 p. |
| 650 ## - PUNTO DE ACCESO ADICIONAL DE MATERIA--TÉRMINO DE MATERIA | |
| Término de materia o nombre geográfico como elemento de entrada | ARQUITECTURA |
| 942 ## - ELEMENTOS DE ENTRADA SECUNDARIOS (KOHA) | |
| Tipo de ítem Koha | Libros |
No items available.